| 000 | 01296nab a22002537a 4500 | ||
|---|---|---|---|
| 999 |
_c5691 _d5691 |
||
| 003 | OSt | ||
| 005 | 20251227003853.0 | ||
| 008 | 190603e xxum|||| |||| 00| 0 spa d | ||
| 040 | _cPJ | ||
| 100 |
_92087 _aUrbaneja, Marcelo Eduardo |
||
| 245 | 1 | 3 |
_aEl derecho registral a 10 años de vigencia del Código Civil y Comercial / _cMarcelo E. Urbaneja. |
| 260 |
_cCiudad Autónoma de Buenos Aires : _aThomson Reuters La Ley, _b2025. |
||
| 300 | _ap. 281-292 | ||
| 500 | _aCita: TR LALEY AR/DOC/1775/2025 Publicado en: RCCyC 2025 (agosto). | ||
| 505 | _aSumario: I. Introducción.— II. La clasificación de las cosas y bienes en registrables y no registrables.— III. Derechos reales. La posesión y la instrumentación del título suficiente.— IV. Directivas diversas acerca de las registraciones patrimoniales. | ||
| 505 | _t¿Te interesa el texto completo? Solicitalo al correo: koha@justierradelfuego.gov.ar | ||
| 650 | 0 |
_91497 _aCODIGO CIVIL Y COMERCIAL |
|
| 650 | 0 |
_91821 _aDERECHOS REALES |
|
| 650 | 0 |
_91602 _aDERECHO COMERCIAL |
|
| 650 | 0 |
_92275 _aPUBLICIDAD REGISTRAL |
|
| 650 | 0 |
_91608 _aINSCRIPCION REGISTRAL |
|
| 773 | 0 |
_02713 _93170 _dCiudad Autónoma de Buenos Aires : Thomson Reuters La Ley, 2015- _tRevista Código Civil y Comercial. Nº 4 - Agosto 2025 |
|
| 942 |
_2udc _cANA |
||